Bananas and Plantations / (Record no. 7474)

MARC details
000 -LEADER
fixed length control field 00499nam a2200181 4500
005 - DATE AND TIME OF LATEST TRANSACTION
control field 20250508100839.0
007 - PHYSICAL DESCRIPTION FIXED FIELD--GENERAL INFORMATION
fixed length control field 000
008 - FIXED-LENGTH DATA ELEMENTS--GENERAL INFORMATION
fixed length control field 000
020 ## - INTERNATIONAL STANDARD BOOK NUMBER
International Standard Book Number 0412368706
040 ## - CATALOGING SOURCE
Original cataloging agency UOEL
050 ## - LIBRARY OF CONGRESS CALL NUMBER
Classification number SB379
Item number .B26 1995
245 ## - TITLE STATEMENT
Title Bananas and Plantations /
Statement of responsibility, etc edited by S.Gowen and Department of Agriculture University of Reading,UK
260 ## - PUBLICATION, DISTRIBUTION, ETC. (IMPRINT)
Place of publication, distribution, etc London.:
Name of publisher, distributor, etc Chapman& Hall,
Date of publication, distribution, etc c1995.
300 ## - PHYSICAL DESCRIPTION
Extent xv,612p.:
Other physical details ill.;
500 ## - GENERAL NOTE
General note includes references and index
650 ## - SUBJECT ADDED ENTRY--TOPICAL TERM
Topical term or geographic name as entry element Bananas
General subdivision Plantains
942 ## - ADDED ENTRY ELEMENTS (KOHA)
Source of classification or shelving scheme Library of Congress Classification
Item type BOOK
Holdings
Withdrawn status Lost status Source of classification or shelving scheme Damaged status Not for loan Home library Current library Shelving location Date acquired Total Checkouts Full call number Barcode Date last seen Copy number Price effective from Koha item type
    Library of Congress Classification     UOE Main Library UOE Main Library Open shelf 14/05/2015   SB379 .B26 1995 10062364 27/04/2026 10062364 14/05/2015 Loan - Normal on open shelf
    Library of Congress Classification     UOE Main Library UOE Main Library Open shelf 14/05/2015   SB379 .B26 1995 10062363 27/04/2026 10062363 14/05/2015 Loan - Normal on open shelf
    Library of Congress Classification     UOE Main Library UOE Main Library Open shelf 14/05/2015   SB379 .B26 1995   27/04/2026 10062363 14/05/2015 Loan - Normal on open shelf